000 00809cab a2200253 4500
001 WB2942-41
008 090401t1993 xxu||||| |||| 00| 0 eng d
035 _a(Sirsi) u67719
041 _aeng
245 _aEstate agency recovery helps Hambros
260 _c1993
350 _a0
490 _aFinancial Times
_v11 November 1993, 22(1)
520 _aA return to profit by the estate agency, Hambro Countrywide, allowed Hambros to announce a rise in overall profits. The agency is optimistic in improving its sale figures.
650 _aESTATE AGENCY
650 _aFORECAST
650 _aHAMBRO COUNTRYWIDE
650 _aHOUSE SALES
650 _aRESIDENTIAL AGENTS
650 _aRESULTS
690 _aMANAGEMENT-BUSINESS MANAGEMENT-PROFESSIONAL PRACTICE
942 _n0
948 _c04/03/1997
999 _c42402
_d42402